00925nam a22002177a 4500001000500000005001700005020001800022040002900040082001200069100001700081245006100098260003400159505000600193520025400199520007500453521002800528521001800556650007000574650002900644700003400673136620250904082323.0 a9789924340782 aFISKHbengcFISKHdFISKH a793.738 aSodany, Ouch aកម្រងល្បែងកម្សាន្ត / aPhnom Penh : bSipar, c2020. aJ aល្បែងកម្សាន្តល្បងប្រាជ្ញាខុសៗគ្នាសម្រាប់ជាជំនួយស្មារតី បង្កើនការគិតដល់មិត្តអ្នកអាន។  aDifferent brain teaser games to help increase the thinking of readers. a500 bLexile estimate  aJ bRaz-Plus  aល្បែងកម្សាន្តvប្រាជ្ញា aBrain teaser games v EQ aVisoth, Seng​ cillustrator